[Event "OP-2010-0-01148"]
[Site "LSS email"]
[Date "2010.05.02"]
[Round "?"]
[White "Jokmin, Guido"]
[Black "Roch, Gui"]
[Result "1-0"]
[WhiteElo "666"]
[BlackElo "800"]
[PlyCount "45"]
[EventDate "2010.04.29"]
[EventType "tourn (corr)"]
[EventRounds "4"]
[EventCountry "GER"]
[SourceTitle "Telechess CBM 141"]
[Source "ChessBase"]
[SourceDate "2011.03.17"]
[SourceVersion "1"]
[SourceVersionDate "2011.03.17"]
[SourceQuality "1"]

1. e4 d5 2. exd5 Qxd5 3. Nc3 Qd4 4. Nf3 Qd8 5. Bc4 e6 6. 0-0 Bc5 7. Ne4 Qd4 8. Nxd4 Bxd4 9. c3 Be5 10. Re1 Nf6 11. Ng5 0-0 12. Rxe5 Nc6 13. Re3 e5 14. d4 Ng4 15. Rf3 e4 16. Rxf7 Nce5 17. Rxc7+ Kh8 18. Nf7+ Kg8 19. Nxe5+ Kh8 20. Nxg4 h5 21. Ne5 Bg4 22. Nxg4 hxg4 23. Qxg4 1-0

[Event "OP-2010-0-01142"]
[Site "LSS email"]
[Date "2010.04.23"]
[Round "?"]
[White "Roch, Gui"]
[Black "Jokmin, Guido"]
[Result "1-0"]
[WhiteElo "800"]
[BlackElo "571"]
[PlyCount "31"]
[EventDate "2010.04.15"]
[EventType "tourn (corr)"]
[EventRounds "4"]
[EventCountry "GER"]
[SourceTitle "Corr 2015"]
[Source "ChessBase"]
[SourceDate "2015.07.17"]
[SourceVersion "1"]
[SourceVersionDate "2015.07.17"]
[SourceQuality "1"]

1. Nf3 b6 2. d4 Bb7 3. e3 Nf6 4. Nc3 e6 5. e4 Bb4 6. Bc4 0-0 7. 0-0 Bxc3 8. bxc3 Nxe4 9. Bd3 Nxc3 10. Qd2 Nd5 11. Ng5 Nf6 12. Qf4 g6 13. Qh4 Kg7 14. Nh3 Kh8 15. Bg5 Rg8 16. Bxf6+ 1-0